Schweizer Städte von Oben - Statistiken

Allgemein
  • Dieses Quiz wurde 177 mal gespielt
  • Das Durchschnittsergebnis liegt bei 7 aus 11
Antwortstatistiken
Bildquiz Antwort % Korrekt
Bern
92%
Luzern
88%
Zürich
87%
Basel
85%
Genève
66%
Biel/Bienne
53%
Lugano
44%
Zug
43%
Thun
36%
Aarau
33%
Fribourg/Freiburg
31%
Keine übereinstimmenden Quizze gefunden
Verteilung der Resultate
Anzahl Personen mit jedem Resultat
Perzentil nach korrekt beantworteten Fragen
Ihre Resultats-Entwicklung
Sie haben dieses Quiz noch nicht gespielt